ნორმალური ფორმატი
MARC ფორმატი
ჩანაწერი Personal Name
ჩანაწერთა რაოდენობა, რომელიც გამოყენებულია: 3
001 - CONTROL NUMBER
- control field: 10070
003 - CONTROL NUMBER IDENTIFIER
- control field: GE_BSU
005 - DATE AND TIME OF LATEST TRANSACTION
- control field: 20210121122756.0
008 - FIXED-LENGTH DATA ELEMENTS
- fixed length control field: 210121|| aca||aabn | a|a d
040 ## - CATALOGING SOURCE
- Original cataloging agency: GE_BSU
- Transcribing agency: GE_BSU
100 ## - HEADING--PERSONAL NAME
- Personal name: ჭეიშვილი, თამარ
670 ## - SOURCE DATA FOUND
- Source citation: Work cat.: (GE_BSU): ჭეიშვილი, თამარ, "იმეტეთის რეგიონის ფლორის ენდემების მრავალფეროვნება, საფრთხეები, კონსერვაცია და გონივრული გამოყენება" :
